mysqli: Table './ulib62015/stat_globaluid' is marked as crashed and should be repaired
select id from stat_globaluid where statuid='20260517162601_3143'
mysqli: Table './ulib62015/stat_globaluid' is marked as crashed and should be repaired
DELETE FROM stat_globaluid
WHERE id NOT IN (
SELECT id
FROM (
SELECT id
FROM stat_globaluid
ORDER BY id DESC
LIMIT 100
) foo
);
mysqli: Table './ulib62015/stat_globaluid' is marked as crashed and should be repaired
insert into stat_globaluid set
statuid='20260517162601_3143',
dt='1779009961',
phpself='/ULIB62015/dublinfull.php',
agent='Mozilla/5.0 AppleWebKit/537.36 (KHTML, like Gecko; compatible; ClaudeBot/1.0; +claudebot@anthropic.com)',
yea='2026',
mon='5',
dat='17',
ip='216.73.216.45'
mysqli: Table './ulib62015/stathist_viewbib_bib_type' is marked as crashed and should be repaired
insert into stathist_viewbib_bib_type set
dat='17' ,
mon='05' ,
yea='2026' ,
statuid='20260517162601_3143' ,
head='31622' ,
foot='marc' ,
dt='1779009961'
| LEADER : 01174nam 2200277 a 4500 |
| 001 31622 |
| 003 ULIB |
| 008 030417s2004 caua sb 001 0 eng |
| 020 ^a974-16-3157-5 |
| 050 ^a15 |
| 060 ^aW927I |
| 082 ^aWB |
| 100 ^aWORLD HEALTH ORGANIZATION |
| 245 ^aICD-10-TM INTERNATIONAL STATISTICAL CLASSIFICATION OF DISEASES AND RELATED HEALTH PROBLEMS |
| 913 ^aImported by ULIBM Administrator |
| 945 ^p0^l0^i012044
|
| 945 ^p0^l0^i012041
|
| 945 ^p0^l0^i012045
|
| 945 ^p0^l0^i012043
|
| 945 ^p0^l0^i012042 |
| 949 ^aImport form external file by ULIBM system |
| คุณยังไม่ได้ล็อกอิน คุณสามารถมีกิจกรรมร่วมกับเว็บไซต์ได้ แต่ต้องล็อกอินก่อน :: |
|
|
|
รายการใกล้เคียง
ผู้แต่ง [WORLD HEALTH ORGANIZATION]
|
|
ยังไม่เคยถูกคอมเมนท์
|
| คอมเมนท์ทรัพยากรรายการนี้ |
|